01582cam a2200373 i 45000010008000000030009000080050017000170070008000340080032000420150006000740170009000800200018000890350006001070400025001130800006001380820028001441000033001722450118002052600033003233000020003565000070003765900026004466000067004726000073005396500052006127000029006647000039006939100041007329420012007739520132007859520137009179520137010549990017011910000430DO-SdBNP20230302112747.00000430100514s2010 mx ||| 000 f spa  a  a b  a9786071106049 a  aBPMSUbspacBPMSUe  a  4aA866.6bC827c 20102 221 aCortázar, Juliod1914-198410aCartas a los Jonquiéres /cJulio Cortazar ; edición Aurora Bernádez ; prólogo Carles Álvarez Garrigah  aMéxico:bAlfaguara,c2010. a568 p.: c25 cm aIncluye datos biográficos del autor en la solapa de la cubierta 6Inventariado, 2023/VM14aCortázar, Juliod1914-1984 vCorrespondencia, memorias, etc.14aJonquières Eduardo d1918 - 2000vCorrespondencia, memorias, etc. 4aAutores argentinos ySiglo XXxCorrespondencia.1 aBernárdez, Auroraeed.1 aÁlvarez Garriga, Carlesepról. aVMateo V. Control de calidad (BPMSU) 2ddccBK 00102ddc40708CGaBPMETbBPMETd2016-06-22eAlfaguaraoBPMSU CG A866.6 C827c 2010pBPMSU16060386r2016-06-22w2016-06-22yBK 00102ddc40708CGaBPMETbBPMETd2016-06-22eAlfaguaraoBPMSU CG A866.6 C827c 2010pBPMSU16060387r2016-06-22te.2w2016-06-22yBK 00102ddc40708CGaBPMETbBPMETd2016-06-22eAlfaguaraoBPMSU CG A866.6 C827c 2010pBPMSU16060388r2016-06-22te.3w2016-06-22yBK c10510d10510